| 000 | 00607nam a22001817a 4500 | ||
|---|---|---|---|
| 005 | 20231114095607.0 | ||
| 008 | 231114b |||||||| |||| 00| 0 eng d | ||
| 020 | _a0702119059 | ||
| 041 | _aEnglish | ||
| 082 | _a344.5 VAN | ||
| 100 |
_aVan Rooyen, JCW _lEnglish |
||
| 245 |
_aCensorship in South Africa : _bBeing a commentary on the application of the Publications Act _cJCW van Rooyen |
||
| 250 | _aFirst Edition | ||
| 260 |
_aCape Town : _bJuta and Company Ltd, _c1987 |
||
| 300 |
_bxxiv, 152 pages ; _c25,5 cm. |
||
| 650 |
_aLegal practice _bLaw |
||
| 942 |
_cBK _6ALISON_BN_VRIES |
||
| 999 |
_c616 _d616 |
||